00785 2200265 4500001002100000005001500021035002000036007000300056008004100059020002200100082001000122084001600132100001600148245010800164250002500272260003100297300002900328500005800357500001100415650003000426700002400456700001700480990001100497990001100508INLIS00000000000385820190731095126 a0010-0719000276ta190731 g 0 ind  a978-602-257-490-3 a745.5 a745.5 FIO t0 aFIONA, Watt1 a365 Kreasi dari Kertas dan Karton /cFiona Watt; alioh bahasa, Yunita Candra Sari; editor, D. Kurniawan aed. indonesia, cet.2 aSolo :bTiga Ananda,c2014 a128 hlm :bilus ;c27 cm aJudul asli: 365 Things to Do With Paper and Cardboard aIndeks 4aKREASI KERTAS. HANDICRAFT0 aYUNITA, Candra Sari0 aKURNIAWAN, D a5664 a a5664 b